[Event "World Rapid Women 2018"]
[Site "St Petersburg RUS"]
[Date "2018.12.28"]
[Round "10.61"]
[White "Diakonova, Ekaterina"]
[Black "Borisova, Ekaterina"]
[Result "1/2-1/2"]
[WhiteElo "2225"]
[BlackElo "2244"]
[WhiteFideId "24172936"]
[BlackFideId "34124184"]
[EventDate "2018.12.26"]

1. e4 c5 2. Nf3 d6 3. d4 cxd4 4. Qxd4 Nc6 5. Bb5 Bd7 6. Qd3 Nf6 7. c4 g6 8. Nc3
Bg7 9. O-O Ng4 10. Bxc6 Bxc6 11. h3 Ne5 12. Nxe5 Bxe5 13. Bh6 Qb6 14. Rab1 Qd4
15. Qe2 Bg7 16. Rfd1 Qf6 17. Bxg7 Qxg7 18. Nd5 Rc8 19. Qe3 b6 20. Qa3 Bxd5 21.
cxd5 O-O 22. Qxa7 Qe5 23. Qxb6 Qxe4 24. Qd4 Qe2 25. Qd3 Qe5 26. b4 Rc3 27. Qd4
Qxd4 28. Rxd4 Ra3 29. Rd2 Rfa8 30. Rbb2 Rb8 31. Rdc2 Rb5 32. Kf1 Ra4 33. Rc4 Kg7
34. Rd4 Kf6 35. f4 g5 36. Ke2 gxf4 37. Kd3 Rb6 38. Kc4 e5 39. dxe6 fxe6 40. Kb3
Rba6 41. Rxf4+ Ke5 42. Rff2 d5 43. b5 Ra3+ 44. Kb4 R3a4+ 45. Kb3 Ra3+ 46. Kb4
R3a4+ 47. Kc3 Ra8 48. b6 d4+ 49. Kb3 R4a5 50. Kb4 Ra4+ 51. Kb5 Kd6 52. Rb4 R8a5+
53. Kc4 Rc5+ 54. Kb3 Rxb4+ 55. Kxb4 Kc6 56. Rf6 Re5 57. Kc4 Kxb6 58. Kxd4 Re2
59. g4 Kc6 60. Kd3 Re1 61. Rh6 Kd5 62. Rxh7 e5 63. Rd7+ Ke6 64. Kd2 Rh1 65. Rd3
Rh2+ 66. Kc3 Rxa2 67. Kc4 Ra4+ 68. Kb3 Rf4 69. Kc2 e4 70. Rd8 Ke5 71. Kd2 Rf2+
72. Ke3 Rf3+ 73. Ke2 Rf7 74. Ke3 Rf3+ 75. Ke2 Rxh3 76. Re8+ Kf4 77. Rf8+ Kxg4
78. Rg8+ Kf5 79. Rf8+ 1/2-1/2

[Event "World Rapid Women 2018"]
[Site "St Petersburg RUS"]
[Date "2018.12.28"]
[Round "10.62"]
[White "Bulatova, Kamaliya"]
[Black "Kosteniuk, Oksana"]
[Result "1-0"]
[WhiteTitle "WFM"]
[BlackTitle "WFM"]
[WhiteElo "2007"]
[BlackElo "2096"]
[WhiteFideId "34111546"]
[BlackFideId "4187725"]
[EventDate "2018.12.26"]

1. d4 d5 2. Bf4 Nf6 3. e3 Bf5 4. c4 e6 5. Nc3 c6 6. Qb3 Qc8 7. Nf3 Nbd7 8. Rc1
dxc4 9. Bxc4 Nb6 10. Be2 Qd7 11. Ne5 Qd8 12. Bf3 Rc8 13. e4 Bg6 14. Be3 Bd6 15.
Nxg6 hxg6 16. e5 Bc7 17. exf6 Qxf6 18. Ne4 Qf5 19. h3 a5 20. Qa3 Rd8 21. Bg5 f6
22. Be3 Nd5 23. Nc5 b5 24. Be4 Qh5 25. Nxe6 Bd6 26. Nxg7+ Kf7 27. Nxh5 Bxa3 28.
bxa3 Rxh5 29. Rxc6 b4 30. O-O bxa3 31. Rb1 Nb4 32. Rc7+ Ke6 33. Bxg6 Rh4 34. g3
Rhh8 35. Bf7+ Kd6 36. Bf4# 1-0

[Event "World Rapid Women 2018"]
[Site "St Petersburg RUS"]
[Date "2018.12.28"]
[Round "11.2"]
[White "Mammadova, Gulnar"]
[Black "Muzychuk, Anna"]
[Result "1/2-1/2"]
[WhiteTitle "IM"]
[BlackTitle "GM"]
[WhiteElo "2368"]
[BlackElo "2569"]
[WhiteFideId "13403508"]
[BlackFideId "14111330"]
[EventDate "2018.12.26"]

1. e4 e5 2. Nf3 Nc6 3. Bc4 Bc5 4. O-O Nf6 5. d3 d6 6. c3 h6 7. Bb3 O-O 8. Nbd2
a5 9. Bc2 Ba7 10. Nc4 b5 11. Ne3 Ng4 12. Nxg4 Bxg4 13. h3 Bh5 14. Be3 Qd7 15.
Bxa7 Rxa7 16. g4 Bg6 17. Nh4 Bh7 18. Nf5 d5 19. Qf3 d4 20. a4 b4 21. cxb4 Nxb4
22. Bb3 Ra6 23. Bc4 Rb6 24. b3 Re8 1/2-1/2

[Event "World Rapid Women 2018"]
[Site "St Petersburg RUS"]
[Date "2018.12.28"]
[Round "11.3"]
[White "Assaubayeva, Bibisara"]
[Black "Lagno, Kateryna"]
[Result "1/2-1/2"]
[WhiteTitle "FM"]
[BlackTitle "GM"]
[WhiteElo "2372"]
[BlackElo "2560"]
[WhiteFideId "13708694"]
[BlackFideId "14109336"]
[EventDate "2018.12.26"]

1. d4 d6 2. c4 e5 3. d5 f5 4. Nc3 Nf6 5. g3 g6 6. Bg2 Bg7 7. Nf3 O-O 8. O-O a5
9. a3 Bd7 10. b3 Na6 11. Bb2 h6 12. e4 Nc5 13. exf5 gxf5 14. b4 axb4 15. axb4
Rxa1 16. Bxa1 Nce4 17. Nxe4 Nxe4 18. Ne1 b5 19. c5 dxc5 20. f3 Nf6 21. bxc5 Be6
22. Qe2 Qxd5 23. Qxe5 Qxe5 24. Bxe5 Bc4 25. Rf2 Nd7 26. Bxg7 Kxg7 27. c6 Nf6 28.
Nc2 Ra8 29. Bf1 Nd5 30. Rd2 Nb6 31. Ne3 Bxf1 32. Kxf1 Kf6 33. Kf2 Ra3 34. Nd5+
Nxd5 35. Rxd5 Rc3 36. Rxb5 Rxc6 37. Ke3 Rc3+ 38. Kf4 Rc4+ 39. Ke3 Rc3+ 40. Kf4
Rc4+ 41. Ke3 1/2-1/2

[Event "World Rapid Women 2018"]
[Site "St Petersburg RUS"]
[Date "2018.12.28"]
[Round "11.4"]
[White "Muzychuk, Mariya"]
[Black "Tan, Zhongyi"]
[Result "0-1"]
[WhiteTitle "GM"]
[BlackTitle "GM"]
[WhiteElo "2540"]
[BlackElo "2508"]
[WhiteFideId "14114550"]
[BlackFideId "8603642"]
[EventDate "2018.12.26"]

1. e4 d6 2. d4 Nf6 3. Nc3 g6 4. Be3 a6 5. a4 Bg7 6. Qd2 O-O 7. Bh6 e5 8. d5 c6
9. Bxg7 Kxg7 10. a5 cxd5 11. exd5 b6 12. axb6 Nbd7 13. Bc4 Nxb6 14. Bb3 Qc7 15.
Nge2 Bd7 16. O-O a5 17. f4 a4 18. Ba2 Nc4 19. Bxc4 Qxc4 20. fxe5 dxe5 21. Ng3
Qd4+ 22. Qxd4 exd4 23. Nce2 Nxd5 24. Nxd4 Rfb8 25. b3 Rb4 26. c4 Ne3 27. Rfe1
Re8 28. bxa4 Rxc4 29. Nb5 Rc2 30. Re2 Rxe2 31. Nxe2 Nc2 32. Ra2 Rxe2 33. Nc3 Rd2
34. Ne4 Rd1+ 35. Kf2 Nb4 36. Ra3 Bc6 37. Nc5 Rc1 38. Nb3 Rc3 39. a5 Nd3+ 40. Ke2
Rxb3 0-1

[Event "World Rapid Women 2018"]
[Site "St Petersburg RUS"]
[Date "2018.12.28"]
[Round "11.5"]
[White "Koneru, Humpy"]
[Black "Cramling, Pia"]
[Result "1/2-1/2"]
[WhiteTitle "GM"]
[BlackTitle "GM"]
[WhiteElo "2541"]
[BlackElo "2465"]
[WhiteFideId "5008123"]
[BlackFideId "1700030"]
[EventDate "2018.12.26"]

1. d4 Nf6 2. c4 e6 3. Nc3 Bb4 4. e3 b6 5. Ne2 Ne4 6. f3 Nxc3 7. bxc3 Be7 8. Ng3
Nc6 9. Bd3 Ba6 10. O-O Na5 11. Qe2 d5 12. cxd5 Bxd3 13. Qxd3 Qxd5 14. e4 Qc4 15.
Qe3 O-O 16. f4 f6 17. Rf3 Rf7 18. Qf2 c5 19. Be3 f5 20. exf5 exf5 21. dxc5 bxc5
22. Rd1 Re8 23. Qc2 g6 24. Nf1 Bf6 25. Nd2 Qxc3 26. Qxc3 Bxc3 27. Bxc5 Bf6 28.
Ra3 Rc8 29. Be3 Nc4 30. Rc1 Nxa3 31. Rxc8+ Kg7 32. Ra8 Nb5 33. Nf3 Re7 34. Kf2
Nc3 35. Rxa7 Rxa7 36. Bxa7 1/2-1/2

[Event "World Rapid Women 2018"]
[Site "St Petersburg RUS"]
[Date "2018.12.28"]
[Round "11.6"]
[White "Saduakassova, Dinara"]
[Black "Goryachkina, Aleksandra"]
[Result "0-1"]
[WhiteTitle "IM"]
[BlackTitle "GM"]
[WhiteElo "2472"]
[BlackElo "2518"]
[WhiteFideId "13700090"]
[BlackFideId "4147103"]
[EventDate "2018.12.26"]

1. d4 d5 2. c4 c6 3. Nf3 Nf6 4. Nbd2 Bf5 5. Nh4 Be6 6. e3 g5 7. Nhf3 g4 8. Ne5
Nbd7 9. Be2 h5 10. cxd5 Bxd5 11. O-O Nxe5 12. dxe5 Nd7 13. f4 gxf3 14. Nxf3 Bg7
15. e4 Be6 16. Ng5 Qb6+ 17. Kh1 O-O-O 18. Nxe6 fxe6 19. Qc2 Bxe5 20. Qb3 Nc5 21.
Qh3 Kb8 22. Rb1 Bd4 23. Qh4 Bf6 24. Qf4+ Qc7 25. Qxc7+ Kxc7 26. Bf3 Nd3 27. b3
Bd4 28. h3 h4 29. Bg5 Rdg8 30. Bxe7 Nf2+ 31. Kg1 Nxe4+ 32. Kh2 Nd2 33. Bg4 Nxb1
34. Rxb1 Rg7 35. Bb4 e5 36. Rf1 c5 37. Be1 e4 38. Rf5 Re7 39. Bh5 Re5 40. Rf7+
Kb8 41. Bg4 Ree8 42. Bf5 Ref8 43. Rxf8+ Rxf8 44. Bg6 e3 45. Bd3 Be5+ 0-1

[Event "World Rapid Women 2018"]
[Site "St Petersburg RUS"]
[Date "2018.12.28"]
[Round "11.7"]
[White "Girya, Olga"]
[Black "Abdumalik, Zhansaya"]
[Result "0-1"]
[WhiteTitle "WGM"]
[BlackTitle "IM"]
[WhiteElo "2454"]
[BlackElo "2470"]
[WhiteFideId "4195752"]
[BlackFideId "13703544"]
[EventDate "2018.12.26"]

1. d4 Nf6 2. Nf3 g6 3. Bg5 Bg7 4. Nbd2 d5 5. e3 Nbd7 6. c3 O-O 7. Be2 c5 8. O-O
b6 9. a4 a6 10. h3 Bb7 11. Qb1 h6 12. Bf4 Ne4 13. Nxe4 dxe4 14. Nd2 f5 15. Qa2+
Kh7 16. Rad1 Qe8 17. Nc4 cxd4 18. cxd4 Bd5 19. Qa3 g5 20. Bh2 f4 21. Rc1 f3 22.
gxf3 exf3 23. Bd3+ Kh8 24. Ne5 Nxe5 25. Bxe5 Ra7 26. Bb1 Bxe5 27. dxe5 Qh5 28.
Qd3 e6 29. Rfd1 Qxh3 30. Qf1 Qg4+ 31. Kh2 Qh4+ 32. Kg1 g4 33. Rd4 Rg7 34. Qd3
Qh3 35. Qf1 Qh5 36. Rf4 Rfg8 37. e4 g3 38. fxg3 Rxg3+ 39. Kf2 Qxe5 40. Rh4 Qd4+
41. Ke1 Qe3+ 0-1

[Event "World Rapid Women 2018"]
[Site "St Petersburg RUS"]
[Date "2018.12.28"]
[Round "11.8"]
[White "Khotenashvili, Bela"]
[Black "Gunina, Valentina"]
[Result "0-1"]
[WhiteTitle "GM"]
[BlackTitle "GM"]
[WhiteElo "2479"]
[BlackElo "2496"]
[WhiteFideId "13602640"]
[BlackFideId "4167570"]
[EventDate "2018.12.26"]

1. d4 Nf6 2. Bg5 d5 3. Bxf6 gxf6 4. e3 c5 5. Bb5+ Nc6 6. dxc5 e5 7. b4 a5 8. c3
Bg7 9. Ne2 O-O 10. O-O axb4 11. cxb4 Nxb4 12. Nbc3 Be6 13. f4 f5 14. fxe5 Bxe5
15. Nd4 Qc7 16. Qh5 Qxc5 17. Nce2 Kh8 18. Rac1 Qb6 19. a4 Rg8 20. Rf3 Rg7 21.
Nxf5 Bxf5 22. Qxf5 Qd6 23. Rc8+ Rxc8 24. Qxc8+ Rg8 25. Qxb7 Bxh2+ 26. Kf2 Be5
27. Qxf7 d4 28. exd4 Bxd4+ 29. Nxd4 Qxd4+ 30. Kf1 Qd1+ 31. Kf2 Nd5 32. Qe6 Qd2+
33. Be2 Qd4+ 34. Kf1 Nf4 35. Qa2 Rxg2 0-1

[Event "World Rapid Women 2018"]
[Site "St Petersburg RUS"]
[Date "2018.12.28"]
[Round "11.9"]
[White "Ushenina, Anna"]
[Black "Lei, Tingjie"]
[Result "0-1"]
[WhiteTitle "GM"]
[BlackTitle "GM"]
[WhiteElo "2440"]
[BlackElo "2453"]
[WhiteFideId "14110911"]
[BlackFideId "8605114"]
[EventDate "2018.12.26"]

1. d4 Nf6 2. c4 e6 3. Nc3 d5 4. cxd5 Nxd5 5. e4 Nxc3 6. bxc3 c5 7. Nf3 cxd4 8.
cxd4 Bb4+ 9. Bd2 Bxd2+ 10. Qxd2 O-O 11. Bc4 Nd7 12. O-O b6 13. Rad1 Bb7 14. Rfe1
Rc8 15. Bb3 Re8 16. h3 Nf6 17. Qf4 Qc7 18. Qh4 b5 19. Ne5 a5 20. Rd3 a4 21. Bd1
Qa5 22. Ree3 Qd8 23. Qf4 Qe7 24. a3 Rc1 25. Kh2 Rec8 26. Bf3 Qd6 27. d5 exd5 28.
exd5 Rd8 29. g3 Rc2 30. Kg2 Kf8 31. g4 Rc4 32. Qf5 Bc8 33. Qg5 Rc5 34. Qf4 Bb7
35. g5 Rc4 36. Qg3 Nxd5 37. Nxc4 Nxe3+ 38. Rxe3 Bxf3+ 39. Qxf3 bxc4 40. Re4 Qd5
41. Kh2 c3 42. Qe3 c2 43. Rxa4 Qd6+ 44. Kg2 Qc6+ 45. Re4 c1=Q 0-1

[Event "World Rapid Women 2018"]
[Site "St Petersburg RUS"]
[Date "2018.12.28"]
[Round "11.11"]
[White "Dzagnidze, Nana"]
[Black "Bodnaruk, Anastasia"]
[Result "0-1"]
[WhiteTitle "GM"]
[BlackTitle "IM"]
[WhiteElo "2513"]
[BlackElo "2420"]
[WhiteFideId "13601903"]
[BlackFideId "4181751"]
[EventDate "2018.12.26"]

1. c4 e5 2. Nc3 d6 3. g3 g6 4. Bg2 Bg7 5. d3 Nf6 6. Nf3 O-O 7. O-O c5 8. Bg5 h6
9. Bxf6 Bxf6 10. Rb1 Nc6 11. a3 Bg7 12. b4 cxb4 13. axb4 Be6 14. Nd2 Qd7 15. Nd5
Ne7 16. Nxe7+ Qxe7 17. Ne4 d5 18. cxd5 Bxd5 19. Nc5 Bxg2 20. Kxg2 Kh7 21. Qb3
Rad8 22. Rbc1 b6 23. Ne4 f5 24. Nc3 e4 25. dxe4 fxe4 26. Rcd1 Qe5 27. Nd5 Qe6
28. Qc4 Rc8 29. Qa6 Rc2 30. Ne3 Ra2 31. Rd6 Qf7 32. Qb5 a6 33. Qc4 Qxc4 34. Nxc4
Rxe2 35. Rxb6 Bd4 36. Rb7+ Kg8 37. Nd6 e3 38. Ne4 exf2 39. Re7 Re1 40. Re6 Kg7
41. h4 Rxf1 42. Kxf1 Rf3 43. Rxa6 Rb3 44. Nxf2 Rb1+ 45. Ke2 Rb2+ 46. Kd3 Bxf2
47. Kc3 Rb1 48. Kc4 Bxg3 49. b5 Bxh4 50. Ra2 Be7 51. Re2 Kf7 0-1

[Event "World Rapid Women 2018"]
[Site "St Petersburg RUS"]
[Date "2018.12.28"]
[Round "11.12"]
[White "Stefanova, Antoaneta"]
[Black "Harika, Dronavalli"]
[Result "1/2-1/2"]
[WhiteTitle "GM"]
[BlackTitle "GM"]
[WhiteElo "2486"]
[BlackElo "2494"]
[WhiteFideId "2902257"]
[BlackFideId "5015197"]
[EventDate "2018.12.26"]

1. d4 d6 2. Nf3 g6 3. g3 Bg7 4. Bg2 Nf6 5. O-O O-O 6. a4 c6 7. Re1 Qc7 8. e4 e5
9. h3 Re8 10. Nc3 a5 11. Be3 Na6 12. Qd2 Nb4 13. Rac1 Be6 14. Bh6 Rad8 15. Bxg7
Kxg7 16. Nd1 exd4 17. Nxd4 Bc8 18. c4 Qe7 19. Nc3 Kg8 20. f4 Nd7 21. Rcd1 Nc5
22. Bf1 Qf6 23. Qf2 h5 24. Nf3 b6 25. Rd2 Bb7 26. Ng5 Qe7 27. h4 d5 28. e5 Ba6
29. f5 Bxc4 30. e6 f6 31. Nf7 Ncd3 32. Bxd3 Nxd3 33. Qe3 Qc5 34. Kh1 Qxe3 35.
Rxe3 d4 36. Rexd3 Bxd3 37. Rxd3 dxc3 38. Nxd8 cxb2 39. Rd1 b1=Q 40. Rxb1 Rxd8
41. Rxb6 gxf5 42. Rxc6 Kf8 43. Rc5 Rd4 44. Rxa5 f4 45. gxf4 Rxf4 46. Ra7 Rxh4+
47. Kg2 Re4 48. Rf7+ Ke8 49. Rxf6 Rxa4 1/2-1/2

[Event "World Rapid Women 2018"]
[Site "St Petersburg RUS"]
[Date "2018.12.28"]
[Round "11.13"]
[White "Bivol, Alina"]
[Black "Arabidze, Meri"]
[Result "0-1"]
[WhiteTitle "WGM"]
[BlackTitle "IM"]
[WhiteElo "2393"]
[BlackElo "2387"]
[WhiteFideId "4100123"]
[BlackFideId "13604040"]
[EventDate "2018.12.26"]

1. Nf3 d5 2. g3 Nf6 3. Bg2 e6 4. d4 b5 5. O-O Be7 6. a4 b4 7. c4 bxc3 8. Nxc3
O-O 9. Bg5 Ba6 10. Rc1 Nbd7 11. Re1 c5 12. e4 Nxe4 13. Nxe4 dxe4 14. Bxe7 Qxe7
15. Rxe4 Rab8 16. Qc2 Rfc8 17. Qd2 Qd6 18. Rd1 Nf6 19. Rf4 Nd5 20. dxc5 Qxc5 21.
Rd4 Qc2 22. Ne1 Qb3 23. Bxd5 exd5 24. Rxd5 h6 25. Qa5 Qc4 26. Nf3 Bb7 27. R5d3
a6 28. Ne5 Qe4 29. f3 Qe2 30. Qe1 Qxb2 31. R1d2 Qb6+ 32. Qf2 Qe6 33. Re3 Rc1+
34. Kg2 Qf5 35. Nd3 Rcc8 36. Re5 Qf6 37. Rde2 Rc3 38. R5e3 Rbc8 39. Nf4 Rxe3 40.
Rxe3 Qc6 41. a5 Qb5 42. Qd2 Qa4 43. Re2 Qb3 44. Re3 Qa4 45. Re2 Qb3 46. Re3 Qb5
47. Rd3 Kh7 48. Rd7 Qc6 49. Qd3+ Kg8 50. Rd8+ Rxd8 51. Qxd8+ Kh7 52. Qd3+ Kg8
53. Qd8+ Kh7 54. Qd3+ g6 55. Ne2 Kg8 56. Nc3 Qc7 57. Nd5 Qd8 58. Nf4 Qxa5 59.
Qd7 Qa2+ 60. Kh3 Bxf3 61. Qe8+ Kh7 62. Qe7 h5 63. Nxg6 Qg2+ 64. Kh4 Qxh2+ 65.
Kg5 Qxg3+ 0-1

[Event "World Rapid Women 2018"]
[Site "St Petersburg RUS"]
[Date "2018.12.28"]
[Round "11.14"]
[White "Shuvalova, Polina"]
[Black "Tokhirjonova, Gulrukhbegim"]
[Result "1-0"]
[WhiteTitle "WIM"]
[BlackTitle "WGM"]
[WhiteElo "2441"]
[BlackElo "2444"]
[WhiteFideId "24171760"]
[BlackFideId "14203626"]
[EventDate "2018.12.26"]

1. e4 e5 2. Nf3 Nc6 3. Bb5 a6 4. Ba4 Nf6 5. O-O Be7 6. Re1 b5 7. Bb3 d6 8. c3
O-O 9. h3 Nb8 10. d4 Nbd7 11. c4 c5 12. dxe5 Nxe5 13. Nxe5 dxe5 14. Nc3 Rb8 15.
Qe2 Qb6 16. Bg5 Be6 17. cxb5 axb5 18. Bxe6 fxe6 19. a4 bxa4 20. Nxa4 Qc6 21. Nc3
c4 22. Ra4 Bb4 23. Rea1 Bxc3 24. bxc3 Qxe4 25. Qxc4 Qd5 26. Qe2 Rbc8 27. c4 Qe4
28. Be3 Nd7 29. c5 Qf5 30. Rc1 Nf6 31. c6 Nd5 32. Ra7 Nxe3 33. Qxe3 Qf4 34. Re7
Qxe3 35. fxe3 Rfe8 36. Rxe8+ Rxe8 37. Kf2 e4 38. Kg3 e5 39. Kg4 g6 40. c7 Rc8
41. h4 Kg7 42. Rc6 Kf7 43. Kg5 Kg7 44. h5 Kf7 45. g4 gxh5 46. gxh5 Ke7 47. Kh6
Kd7 48. Rc1 Ke6 49. Kxh7 Kf6 50. Rc6+ Kf7 51. h6 Kf8 52. Rf6+ Ke7 53. Kg7 Kd7
54. h7 1-0

[Event "World Rapid Women 2018"]
[Site "St Petersburg RUS"]
[Date "2018.12.28"]
[Round "11.15"]
[White "Javakhishvili, Lela"]
[Black "Zhukova, Natalia"]
[Result "1-0"]
[WhiteTitle "IM"]
[BlackTitle "GM"]
[WhiteElo "2464"]
[BlackElo "2377"]
[WhiteFideId "13601458"]
[BlackFideId "14101513"]
[EventDate "2018.12.26"]

1. c4 c5 2. Nf3 Nf6 3. Nc3 e6 4. g3 d5 5. cxd5 Nxd5 6. Bg2 Nc6 7. O-O Be7 8.
Nxd5 exd5 9. d4 O-O 10. dxc5 Bxc5 11. Bg5 Qd7 12. Qc2 Bb6 13. Rad1 Re8 14. a3 d4
15. b4 a6 16. Bc1 Qf5 17. Qxf5 Bxf5 18. Rd2 Be6 19. Bb2 Rad8 20. Rc1 h6 21. Ne1
Bd5 22. Nd3 Bxg2 23. Kxg2 Rd5 24. h4 a5 25. Rc4 Kh7 26. Kf1 Bd8 27. Nf4 Rb5 28.
Nd3 Rd5 29. bxa5 Bxa5 30. Nb4 Rb5 31. Bxd4 Bxb4 32. axb4 Rxb4 33. Rxb4 Nxb4 34.
Bc5 Na6 35. Ba3 b5 36. Rd6 Re6 37. Rd7 b4 38. Bb2 f6 39. Rb7 h5 40. Bd4 Rc6 41.
e3 Kg6 42. Ke2 Rc2+ 43. Kf3 Ra2 44. e4 Ra3+ 45. Kf4 b3 46. f3 Ra4 47. Ke3 Nb4
48. Bc3 Nc2+ 49. Kd3 Ra3 50. Kd2 Ra2 51. Kd3 Ra3 52. f4 Kh6 53. f5 Na1 54. Bd2+
Kh7 55. Bc3 Kh6 56. Bb2 Ra2 57. Kc3 Ra4 58. Kd3 Ra2 59. Kc3 Ra4 60. Re7 Ra6 61.
e5 Rc6+ 62. Kd3 Nc2 63. exf6 Nb4+ 64. Ke4 Rc4+ 65. Kf3 Nd5 66. f7 Nxe7 67. f8=Q 1-0

[Event "World Rapid Women 2018"]
[Site "St Petersburg RUS"]
[Date "2018.12.28"]
[Round "11.16"]
[White "Batsiashvili, Nino"]
[Black "Nguyen, Thi Mai Hung"]
[Result "1/2-1/2"]
[WhiteTitle "GM"]
[BlackTitle "WGM"]
[WhiteElo "2459"]
[BlackElo "2280"]
[WhiteFideId "13602993"]
[BlackFideId "12401676"]
[EventDate "2018.12.26"]

1. Nf3 d5 2. e3 Nf6 3. c4 c6 4. b3 Bf5 5. Bb2 e6 6. Be2 h6 7. O-O Nbd7 8. d3 Bd6
9. Nd4 Bh7 10. f4 O-O 11. Nd2 Re8 12. N2f3 e5 13. fxe5 Nxe5 14. Nh4 Rc8 15. Ndf5
Bb8 16. cxd5 cxd5 17. Bd4 Re6 18. g3 Nc6 19. Bb2 Be5 20. Bxe5 Rxe5 21. Rf2 Re6
22. Qd2 Ne7 23. Nd4 Ra6 24. Raf1 Qa5 25. Qd1 Qc5 26. Bg4 Nxg4 27. Qxg4 Rf8 28.
Ne6 Rxe6 29. Qxe6 Nf5 30. d4 Qa3 31. Qd7 Nd6 32. g4 Bd3 33. Rd1 Bb5 34. Qc7 Rc8
35. Qe7 Re8 36. Qc7 Rc8 37. Qe7 Re8 1/2-1/2

[Event "World Rapid Women 2018"]
[Site "St Petersburg RUS"]
[Date "2018.12.28"]
[Round "11.17"]
[White "Mammadzada, Gunay"]
[Black "Mkrtchian, Lilit"]
[Result "1-0"]
[WhiteTitle "IM"]
[BlackTitle "IM"]
[WhiteElo "2422"]
[BlackElo "2392"]
[WhiteFideId "13403729"]
[BlackFideId "13300601"]
[EventDate "2018.12.26"]

1. e4 e6 2. d4 d5 3. Nd2 Be7 4. Bd3 c5 5. dxc5 Nf6 6. Qe2 O-O 7. Ngf3 a5 8. c3
Na6 9. e5 Nd7 10. h4 h6 11. Bxa6 Rxa6 12. b4 Qc7 13. O-O axb4 14. cxb4 Ra4 15.
Qb5 Ra8 16. Bb2 b6 17. cxb6 Nxb6 18. Rfc1 Qd8 19. Bd4 Nc4 20. Nxc4 dxc4 21. a3
Ba6 22. Qc6 Qb8 23. Qd7 Re8 24. Bc5 Bb5 25. Qd4 Bc6 26. Bxe7 Rxe7 27. Rxc4 Bxf3
28. gxf3 Rea7 29. Qe3 Ra4 30. Rg4 Kh8 31. h5 Qb5 32. Kh2 Qd5 33. Rd4 Qb5 34.
Rad1 Qe8 35. R1d3 f5 36. exf6 Qxh5+ 37. Kg3 Qg6+ 38. Rg4 Qxf6 39. Kg2 Qf5 40.
Rc3 Qf6 41. b5 Rxg4+ 42. fxg4 Qg6 43. Qd4 e5 44. Qxe5 Qxg4+ 45. Rg3 Qd7 46. Qe4
Re8 47. Qc6 Qe7 48. b6 Rb8 49. a4 Qb4 50. Qg6 Rb7 51. a5 Qxa5 52. Qe8+ Kh7 53.
Qe4+ Kh8 54. Qxb7 1-0

[Event "World Rapid Women 2018"]
[Site "St Petersburg RUS"]
[Date "2018.12.28"]
[Round "11.18"]
[White "Galliamova, Alisa"]
[Black "Romanovskaya, Anna"]
[Result "1-0"]
[WhiteTitle "IM"]
[BlackTitle "WFM"]
[WhiteElo "2444"]
[BlackElo "2210"]
[WhiteFideId "4129725"]
[BlackFideId "4164725"]
[EventDate "2018.12.26"]

1. Nf3 g6 2. d4 Bg7 3. g3 d6 4. Bg2 Nd7 5. O-O e5 6. e4 Ne7 7. Na3 exd4 8. Nxd4
O-O 9. Nc4 Nc5 10. Ne3 Re8 11. c3 a5 12. Qc2 Bd7 13. Rd1 Nc6 14. b3 Qc8 15. Ba3
Ne5 16. Bb2 Bh3 17. Bh1 c6 18. Ne2 Qc7 19. c4 a4 20. b4 a3 21. Bxe5 Bxe5 22.
bxc5 Bxa1 23. cxd6 Qd7 24. Rxa1 Qxd6 25. Rb1 Red8 26. Nf4 Bc8 27. c5 Qe5 28. Bf3
Ra5 29. Nc4 Rxc5 30. Nd3 Qf6 31. Nxc5 Qxf3 32. Ne5 Qf6 33. Ncd3 Bh3 34. Rxb7
Rxd3 35. Nxd3 Qd4 36. Ne1 1-0

[Event "World Rapid Women 2018"]
[Site "St Petersburg RUS"]
[Date "2018.12.28"]
[Round "11.19"]
[White "Gaponenko, Inna"]
[Black "Paramzina, Anastasya"]
[Result "1-0"]
[WhiteTitle "IM"]
[BlackTitle "WGM"]
[WhiteElo "2420"]
[BlackElo "2229"]
[WhiteFideId "14101181"]
[BlackFideId "4165012"]
[EventDate "2018.12.26"]

1. e4 c5 2. Nf3 d6 3. d4 cxd4 4. Nxd4 Nf6 5. Nc3 a6 6. Be3 e5 7. Nb3 Be7 8. Qd2
Be6 9. O-O-O Nbd7 10. f4 exf4 11. Bxf4 Nh5 12. g3 O-O 13. Bxd6 Bxd6 14. Qxd6 Rc8
15. Be2 Nhf6 16. Bf3 Bxb3 17. axb3 Qa5 18. Kb1 Ne5 19. Rhf1 Rfd8 20. Qe7 Nxf3
21. Rxd8+ Rxd8 22. Rxf3 Rd7 23. Qa3 Qh5 24. Rf2 Ng4 25. Qa4 Rd8 26. Rd2 Qg5 27.
Rd5 Qf6 28. Qa5 Rf8 29. Rf5 Qh6 30. h4 Qe3 31. Qc7 Qe1+ 32. Ka2 Qd2 33. Nd5 h6
34. Qc5 Qe1 35. Rf4 Qxg3 36. Ne7+ Kh8 37. Ng6+ fxg6 38. Rxf8+ Kh7 39. Qc8 g5 40.
h5 1-0

[Event "World Rapid Women 2018"]
[Site "St Petersburg RUS"]
[Date "2018.12.28"]
[Round "11.20"]
[White "Ovod, Evgenija"]
[Black "Mamedjarova, Turkan"]
[Result "1-0"]
[WhiteTitle "IM"]
[BlackTitle "WGM"]
[WhiteElo "2367"]
[BlackElo "2295"]
[WhiteFideId "4131827"]
[BlackFideId "13402005"]
[EventDate "2018.12.26"]

1. e4 e5 2. Nf3 Nc6 3. Bc4 Bc5 4. O-O Nf6 5. d3 d6 6. c3 a6 7. Bb3 Ba7 8. h3 h6
9. Nbd2 O-O 10. Re1 Nh5 11. Nf1 Qf6 12. Be3 Ne7 13. Kh2 Nf4 14. Ng1 Kh8 15. g3
Ne6 16. Qe2 Qg6 17. g4 Bb8 18. Ng3 c6 19. Nf3 d5 20. Nh4 Qf6 21. Nhf5 Nxf5 22.
Nxf5 d4 23. Bd2 Rd8 24. Rad1 g6 25. Bxe6 Bxe6 26. Nxh6 dxc3 27. bxc3 Ba7 28. Rf1
Kg7 29. g5 Qe7 30. f4 exf4 31. Bxf4 Bb8 32. e5 Rh8 33. d4 b5 34. Rf2 Bc7 35. Qe3
Rad8 36. Bg3 Ba5 37. Rdf1 Rdf8 38. h4 Bd8 39. Ra1 a5 40. a4 bxa4 41. Rxa4 Qb7
42. c4 Qb1 43. Qf3 Be7 44. d5 cxd5 45. cxd5 Bd7 46. Qxf7+ 1-0

[Event "World Rapid Women 2018"]
[Site "St Petersburg RUS"]
[Date "2018.12.28"]
[Round "11.21"]
[White "Tomilova, Elena"]
[Black "Paehtz, Elisabeth"]
[Result "0-1"]
[WhiteTitle "WIM"]
[BlackTitle "IM"]
[WhiteElo "2338"]
[BlackElo "2487"]
[WhiteFideId "4162340"]
[BlackFideId "4641833"]
[EventDate "2018.12.26"]

1. d4 d6 2. e4 g6 3. Nc3 Bg7 4. f4 a6 5. a4 Nf6 6. Nf3 O-O 7. Bd3 Nc6 8. O-O Bg4
9. Be3 Nd7 10. Ne2 Nb4 11. c3 Nxd3 12. Qxd3 d5 13. exd5 Bf5 14. Qd1 Nb6 15. Ng3
Bc8 16. Qe2 Qxd5 17. Ne5 f6 18. Nf3 Bd7 19. Qc2 Nc4 20. Rfe1 Nd6 21. b3 b5 22.
a5 Rae8 23. Nd2 Nf5 24. Qe4 Qd6 25. Nxf5 Bxf5 26. Qf3 e5 27. Qf2 e4 28. c4 c6
29. Rec1 Bd7 30. Nf1 f5 31. Rd1 Qb4 32. Qc2 Be6 33. d5 Bxa1 34. Rxa1 cxd5 35.
cxd5 Bxd5 36. Qc7 Re7 37. Qb6 Re6 38. Qc7 Qe7 39. Qc3 Rc6 40. Qd2 Bxb3 41. Bb6
Qd6 42. Qb2 Bf7 43. Be3 Bc4 44. Nd2 Bd3 45. Nb3 Rc2 46. Qd4 Qxd4 47. Nxd4 Rc4
48. Ne6 Rfc8 49. Bd2 b4 50. Kf2 b3 0-1